000 00409cam a2200157ua 4500
041 _aeng
_h
082 _a631.4
_bRAY/SO
100 _aRaychaudhury, S.P .
245 _aSoils of India /
_cS.P Raychaudhury.
_hTextual Documents
260 _aNew Delhi :
_bIndian Council for Agricultural Research ,
_c1963.
300 _a494 ; .
504 _a
942 _cBK
999 _c8815
_d8815